| 000 | 00463nam a2200169Ia 4500 | ||
|---|---|---|---|
| 008 | 221030s9999 xx 000 0 und d | ||
| 020 | _a8184002737 | ||
| 041 | _aEnglish | ||
| 082 | _a105.23 | ||
| 100 | _aY. Modi | ||
| 245 | 4 |
_aThe Game Changers : 20 Extraordinary Sucess Stories of Entrepreneurs from IIT Kharagpur _cby Y. Modi, A. Kothari |
|
| 260 |
_bRandom Pub. _aNoida _c2012 |
||
| 300 | _a262 | ||
| 650 | _aGeneral | ||
| 700 | _aA. Kothari | ||
| 942 | _cBK | ||
| 999 |
_c9067 _d9067 |
||